Solution of Problems in Strength of Materials and Mechanics of Solids / (Record no. 3109)

000 -LEADER
fixed length control field 00473nam a2200145 4500
008 - FIXED-LENGTH DATA ELEMENTS--GENERAL INFORMATION
fixed length control field 200319b ||||| |||| 00| 0 eng d
082 00 - DEWEY DECIMAL CLASSIFICATION NUMBER
Classification number 620.112
Item number U81
100 ## - MAIN ENTRY--PERSONAL NAME
9 (RLIN) 2673
Personal name Urry, S. A.
245 10 - TITLE STATEMENT
Title Solution of Problems in Strength of Materials and Mechanics of Solids /
260 ## - PUBLICATION, DISTRIBUTION, ETC. (IMPRINT)
Place of publication, distribution, etc London
Name of publisher, distributor, etc Pitman Publishing
Date of publication, distribution, etc 1976
300 ## - PHYSICAL DESCRIPTION
Extent xi, 504 p.
650 #0 - SUBJECT ADDED ENTRY--TOPICAL TERM
Topical term or geographic name as entry element Strength of Materials
700 ## - ADDED ENTRY--PERSONAL NAME
9 (RLIN) 2672
Personal name Turner, Peter John
942 ## - ADDED ENTRY ELEMENTS (KOHA)
Source of classification or shelving scheme
Item type Books
Holdings
Withdrawn status Lost status Source of classification or shelving scheme Damaged status Not for loan Permanent location Current location Date acquired Full call number Barcode Date last seen Koha item type
          IMU Kolkata IMU Kolkata 1980-09-19 620.112 U81 05163 2020-03-19 Books
Designed and Maintained by IMU-KC Library, Kolkata Campus © Copyright All Rights Reserved

webs counters

Powered by Koha